[Event "I Miedzynarodowy Memorial Ireny Warakomskiej - Open A"]
[Site "Suwalki"]
[Date "2017-08-13"]
[Round "3.12"]
[White "Grib, Roman"]
[Black "Gleizerov, Evgeny"]
[Result "1-0"]
[WhiteTitle ""]
[BlackTitle ""]
[WhiteElo "2427"]
[BlackElo "2519"]

1. e4 e6 2. d4 d5 3. Nc3 Nf6 4. Bg5 Be7 5. e5 Nfd7 6. Bxe7 Qxe7 7. f4 O-O 8. Nf3
c5 9. dxc5 Nc6 10. Bd3 f5 11. exf6 Qxf6 12. g3 Nxc5 13. O-O a6 14. Qd2 Bd7 15.
Rae1 Rac8 16. a3 Be8 17. Rf2 h6 18. Bf1 Bg6 19. Nxd5 Qxb2 20. Qe3 Ne4 21. Nb6
Nxf2 22. Nxc8 Ne4 23. Nb6 e5 24. Nd5 exf4 25. Nxf4 Bh7 26. Bc4+ Kh8 27. Nh4 Ne5
28. Bd5 g5 29. Bxe4 gxf4 30. Qc5 Nd7 31. Qe7 Qd4+ 32. Kg2 Bxe4+ 33. Rxe4 Qg7 34.
Qxg7+ Kxg7 35. Re7+ Rf7 36. Nf5+ Kf6 37. Rxf7+ Kxf7 38. gxf4 Ke6 39. Nxh6 Nb6
40. Kf3 Nc4 41. f5+ Ke7 42. Ng4 Nxa3 43. Ne3 a5 44. Ke4 Nb5 45. c4 Nd6+ 46. Kd5
a4 47. f6+ Kd7 48. c5 Nb5 49. Kc4 Nc7 50. Nf5 Ke6 51. Nd6 Kxf6 52. Nxb7 Ke5 53.
Kb4 Kd5 54. h4 Kc6 55. Na5+ Kd5 56. c6 Ke5 57. Kxa4 Kf5 58. Kb4 Kg4 59. Kc5 Kxh4
60. Kd6 Nb5+ 61. Kd7 Kg5 62. Nc4 Kf6 63. Nd6 Nc3 64. Ne4+ 1-0

[Event "I Miedzynarodowy Memorial Ireny Warakomskiej - Open A"]
[Site "Suwalki"]
[Date "2017-08-13"]
[Round "3.13"]
[White "Ulybin, Mikhail"]
[Black "Koziol, Kamil"]
[Result "1/2-1/2"]
[WhiteTitle ""]
[BlackTitle ""]
[WhiteElo "2518"]
[BlackElo "2321"]

1. d4 Nf6 2. c4 e6 3. g3 c5 4. Nf3 cxd4 5. Nxd4 Qc7 6. b3 e5 7. Nf3 d5 8. cxd5
Bf5 9. Bd2 Nxd5 10. Bg2 Nb4 11. O-O Nc2 12. Nh4 Bd7 13. Bxb7 Qxb7 14. Qxc2 Bh3
15. Rc1 Bd6 16. Nc3 Ba3 17. Rd1 O-O 18. Qe4 Qxe4 19. Nxe4 Nc6 20. Bc1 Bxc1 21.
Raxc1 Nd4 22. Rd2 Rac8 23. Rcd1 f5 24. Ng5 Bg4 25. f3 Bh5 26. Kf2 h6 27. Nh3 g5
28. Ng2 g4 29. Ng1 gxf3 30. Nxf3 Nxf3 31. exf3 e4 32. Nh4 Rc3 33. Re1 Bxf3 34.
Re3 Rfc8 35. Nxf3 Rxe3 36. Kxe3 Rc3+ 37. Ke2 exf3+ 38. Kf2 a5 39. h4 Kg7 40. Rd5
Rc2+ 41. Kxf3 Rxa2 42. Rd7+ Kf6 43. Rd6+ Kg7 44. Ra6 Ra3 45. Kf4 Rxb3 46. Rxa5
Kg6 47. Ra6+ Kg7 48. h5 Rb4+ 49. Kxf5 Rb5+ 50. Kg4 Rb4+ 51. Kh3 Rb5 52. Kh4 Rb4+
53. g4 Rb3 54. Rg6+ 1/2-1/2

[Event "I Miedzynarodowy Memorial Ireny Warakomskiej - Open A"]
[Site "Suwalki"]
[Date "2017-08-13"]
[Round "3.14"]
[White "Vetoshko, Volodymyr"]
[Black "Almasi, Istvan "]
[Result "1-0"]
[WhiteTitle ""]
[BlackTitle ""]
[WhiteElo "2517"]
[BlackElo "2408"]

1. e4 g6 2. d4 Bg7 3. Nf3 d6 4. Bc4 Nf6 5. Qe2 O-O 6. e5 dxe5 7. dxe5 Nd5 8. O-O
Bg4 9. Nbd2 Nb6 10. Bd3 N8d7 11. h3 Be6 12. c4 Nc5 13. Bc2 a5 14. Rd1 Qc8 15.
b3 Bf5 16. Ne4 Bxe4 17. Bxe4 a4 18. Ba3 Nxe4 19. Qxe4 axb3 20. axb3 c5 21. Bb2
Qc7 22. Bc3 Rxa1 23. Rxa1 Nc8 24. h4 e6 25. h5 Ne7 26. hxg6 hxg6 27. b4 cxb4 28.
Bxb4 Rc8 29. Bd6 Qc6 30. Qxc6 Nxc6 31. Rb1 f6 32. c5 Nxe5 33. Nd4 Bf8 34. Bxf8
Kxf8 35. Rxb7 Ke8 36. Nxe6 Nd3 37. Ng7+ Kf8 38. Ne6+ Ke8 39. Rc7 Rxc7 40. Nxc7+
Kd7 41. Nd5 Nxc5 42. Nxf6+ Ke6 43. Ng4 Kf5 44. Ne3+ Kf4 45. Kf1 Ne4 46. Nd5+ Ke5
47. Nb4 g5 48. Ke2 g4 49. Ke3 Nc3 50. Nd3+ Kf5 51. Nc1 Nd5+ 52. Ke2 Nf4+ 53. Kf1
Ke4 54. Ne2 Nd5 55. Kg1 Nf6 56. Kh2 Kf5 57. Nc3 Kf4 58. Kg1 Ke5 59. Kf1 Kd4 60.
Nb5+ Kc4 61. Nd6+ Kd5 62. Nf5 Ke4 63. Nh6 Kf4 64. Ke2 Ne4 65. Nf7 Nc3+ 66. Ke1
Ne4 67. Nd8 Nc3 68. Nc6 Ke4 69. Nb4 Kf4 70. Nc2 Ne4 71. Nd4 Ke5 72. Ne2 Kf5 73.
g3 Ng5 74. Nc3 Ke5 75. Ke2 Kd4 76. Nb5+ Ke4 77. Nd6+ Ke5 78. Nc4+ 1-0

[Event "I Miedzynarodowy Memorial Ireny Warakomskiej - Open A"]
[Site "Suwalki"]
[Date "2017-08-13"]
[Round "3.15"]
[White "Krzyzanowski, Marcin "]
[Black "Wozniak, Mariola "]
[Result "1-0"]
[WhiteTitle ""]
[BlackTitle ""]
[WhiteElo "2464"]
[BlackElo "2181"]

1. d4 f5 2. Qd3 e6 3. e4 fxe4 4. Qxe4 Nf6 5. Qh4 g6 6. Bd3 Bg7 7. Bg5 O-O 8. Nd2
c5 9. dxc5 Qa5 10. Ngf3 Qxc5 11. O-O b6 12. Ne4 Nxe4 13. Bxe4 Nc6 14. Be3 Qh5
15. Qxh5 gxh5 16. Ng5 d5 17. Bxh7+ Kh8 18. c3 Ne5 19. f4 Nc4 20. Bd4 Nxb2 21.
Bg6 h4 22. Rae1 Bxd4+ 23. cxd4 Rf6 24. Bb1 Bd7 25. f5 exf5 26. Re7 Bb5 27. Rf2
Rc8 28. Rxb2 Rc1+ 29. Kf2 Rf1+ 30. Ke3 f4+ 31. Kd2 Rf2+ 32. Kc3 Rc6+ 33. Kb3 Ba4+
34. Ka3 Rc3+ 35. Kb4 Rc4+ 36. Ka3 Rc3+ 37. Rb3 Bxb3 38. axb3 a5 39. Ne6 Rxg2 40.
Nxf4 Rxh2 41. Nxd5 Rf3 42. Rh7+ Kg8 43. Ne7+ Kf8 44. Ng6+ Kg8 45. Rxh4 Rxh4 46.
Nxh4 Rf1 47. Bd3 Rd1 48. Bc4+ Kf8 49. Nf5 Ra1+ 50. Kb2 Rh1 51. d5 Ke8 52. Kc3
Kd8 53. Kd4 Rh3 54. d6 b5 55. Bxb5 Rxb3 56. Kc4 Rb1 57. Nd4 Rc1+ 58. Kd5 Rd1 59.
Ba4 Rd2 60. Ke4 1-0

[Event "I Miedzynarodowy Memorial Ireny Warakomskiej - Open A"]
[Site "Suwalki"]
[Date "2017-08-13"]
[Round "3.16"]
[White "Kumala, Aleksander "]
[Black "Barski, Radoslaw "]
[Result "0-1"]
[WhiteTitle ""]
[BlackTitle ""]
[WhiteElo "2189"]
[BlackElo "2444"]

1. e4 e5 2. Qh5 Nc6 3. Bc4 g6 4. Qf3 Nf6 5. Ne2 d6 6. d3 Bg4 7. Qe3 Bg7 8. O-O
O-O 9. Nbc3 Na5 10. f3 Nxc4 11. dxc4 Be6 12. b3 c6 13. Ba3 Qc7 14. f4 exf4 15.
Qxf4 Ne8 16. Rad1 Be5 17. Qe3 Ng7 18. Nd4 Qa5 19. Bb2 Bg4 20. Ra1 Rae8 21. h3
c5 22. Nf3 Bxf3 23. Qxf3 f5 24. exf5 Bd4+ 25. Kh1 Rxf5 26. Qg3 Re3 27. Qxd6 Bxc3
28. Rxf5 Nxf5 29. Bxc3 Qxc3 30. Qd5+ Kg7 31. Rd1 Re1+ 32. Rxe1 Qxe1+ 33. Kh2 Qg3+
34. Kh1 Qe1+ 35. Kh2 Qe7 36. Kh1 h5 0-1

[Event "I Miedzynarodowy Memorial Ireny Warakomskiej - Open A"]
[Site "Suwalki"]
[Date "2017-08-13"]
[Round "3.17"]
[White "Kaczmarek, Aleksander"]
[Black "Bilguun, Sumiya"]
[Result "1/2-1/2"]
[WhiteTitle ""]
[BlackTitle ""]
[WhiteElo "2368"]
[BlackElo "2443"]

1. e4 c5 2. Nf3 e6 3. d4 cxd4 4. Nxd4 a6 5. Bd3 Qc7 6. O-O g6 7. b3 Bg7 8. Bb2
Nf6 9. Nd2 O-O 10. c4 d6 11. f4 Nh5 12. Kh1 Nc6 13. e5 Nxd4 14. Bxd4 dxe5 15.
Bxe5 Bxe5 16. fxe5 Qxe5 17. Qf3 f5 18. Rae1 Qd6 19. c5 Qxc5 20. Bc4 Ng7 21. Qf4
Rd8 22. Nf3 b5 23. Qh6 Qa7 24. Ng5 Nh5 25. Nxe6 Bxe6 26. Bxe6+ Kh8 27. Bxf5 Qg7
28. Qxg7+ Kxg7 29. Re7+ Kh6 30. Be4 Rf8 31. Bf3 Rae8 32. Rfe1 Rxe7 33. Rxe7 Ng7
34. Kg1 Nf5 35. Re6 Nd4 36. Rxa6 Nxf3+ 37. gxf3 Rxf3 38. Ra5 Rc3 39. Rxb5 Rc1+
40. Kg2 Rc2+ 41. Kg3 Rxa2 42. b4 Rb2 1/2-1/2

[Event "I Miedzynarodowy Memorial Ireny Warakomskiej - Open A"]
[Site "Suwalki"]
[Date "2017-08-13"]
[Round "3.18"]
[White "Kashlinskaya, Alina"]
[Black "Nowak, Lukasz"]
[Result "1/2-1/2"]
[WhiteTitle ""]
[BlackTitle ""]
[WhiteElo "2440"]
[BlackElo "2307"]

1. d4 Nf6 2. c4 g6 3. Nf3 Bg7 4. g3 O-O 5. Bg2 d6 6. Nc3 Nbd7 7. O-O e5 8. e4 c6
9. h3 Qb6 10. Re1 exd4 11. Nxd4 Re8 12. Nc2 Ne5 13. Be3 Qc7 14. b3 a6 15. f4 Ned7
16. Qd2 h5 17. Rad1 Bf8 18. Bd4 Rb8 19. a4 b6 20. Rf1 Bg7 21. Be3 Nc5 22. Qxd6
Qxd6 23. Rxd6 Nfxe4 24. Nxe4 Nxe4 25. Bxe4 Rxe4 26. Rd8+ Kh7 27. Bd4 c5 28. Bxg7
Kxg7 29. Re1 Rxe1+ 30. Nxe1 Ra8 31. Nd3 Bb7 32. Rxa8 Bxa8 33. a5 bxa5 34. Nxc5
Kf6 35. Kf2 Ke7 36. Ke3 Kd6 37. Kd4 Bf3 38. Nxa6 Kc6 39. Nc5 Bd1 40. Nd3 Bxb3
41. Ne5+ Kb6 42. Nxf7 Bc2 43. Ne5 Bf5 44. g4 hxg4 45. hxg4 Be6 46. c5+ Kb5 47.
Nxg6 Bxg4 48. Ne7 a4 49. f5 a3 50. Kc3 Bxf5 1/2-1/2

[Event "I Miedzynarodowy Memorial Ireny Warakomskiej - Open A"]
[Site "Suwalki"]
[Date "2017-08-13"]
[Round "3.19"]
[White "Hnydiuk, Aleksander"]
[Black "Stachanczyk, Jacek "]
[Result "0-1"]
[WhiteTitle ""]
[BlackTitle ""]
[WhiteElo "2424"]
[BlackElo "2209"]

1. Nf3 c5 2. c4 Nf6 3. Nc3 g6 4. e4 d6 5. d4 cxd4 6. Nxd4 Nc6 7. Be2 Bg7 8. Be3
Nxd4 9. Bxd4 O-O 10. O-O Bd7 11. Qd3 Bc6 12. b4 b6 13. Rfd1 Bb7 14. f4 e5 15.
Be3 exf4 16. Bxf4 Re8 17. Bf3 a5 18. e5 Bxf3 19. Qxf3 Nh5 20. Rxd6 Qh4 21. g3
Qh3 22. Rf1 axb4 23. Ne4 Rxa2 24. Bd2 Rf8 25. Qb3 Ra3 26. Qxb4 Nxg3 27. hxg3 Rxg3+
28. Nxg3 Qxg3+ 29. Kh1 Bxe5 0-1

[Event "I Miedzynarodowy Memorial Ireny Warakomskiej - Open A"]
[Site "Suwalki"]
[Date "2017-08-13"]
[Round "3.20"]
[White "Walter, Szymon "]
[Black "Zawadzka, Jolanta"]
[Result "1-0"]
[WhiteTitle ""]
[BlackTitle ""]
[WhiteElo "2194"]
[BlackElo "2420"]

1. e4 c5 2. Nc3 Nc6 3. f4 g6 4. Nf3 Bg7 5. Bb5 Nd4 6. O-O a6 7. Bc4 e6 8. d3 b5
9. Bb3 Ne7 10. Nxd4 Bxd4+ 11. Kh1 Bb7 12. Qe1 f5 13. e5 Bxc3 14. bxc3 Qc7 15.
c4 b4 16. a3 a5 17. axb4 cxb4 18. Ba4 O-O 19. Be3 Rfb8 20. Qh4 Nc8 21. Qf6 Nb6
22. Bb5 Bc6 23. Bxc6 Qxc6 24. Rf3 Rf8 25. Qe7 Na4 26. Bd4 Ra6 27. h4 Rf7 28. Qd8+
Rf8 29. Qg5 Kf7 30. h5 Ke8 31. hxg6 hxg6 32. Rh3 Nb6 33. Bxb6 Qxb6 34. Rh7 Qc5
35. d4 1-0

[Event "I Miedzynarodowy Memorial Ireny Warakomskiej - Open A"]
[Site "Suwalki"]
[Date "2017-08-13"]
[Round "3.21"]
[White "Chomczyk, Marek"]
[Black "Cukrowski, Filip "]
[Result "0-1"]
[WhiteTitle ""]
[BlackTitle ""]
[WhiteElo "2138"]
[BlackElo "2413"]

1. e4 c5 2. Nf3 d6 3. d4 cxd4 4. Nxd4 Nf6 5. Nc3 Nc6 6. Bc4 e5 7. Nde2 Be6 8. Bb3
Be7 9. Bg5 O-O 10. Bxf6 Bxf6 11. O-O a6 12. Nd5 Bg5 13. Qd3 Rc8 14. Rad1 Kh8 15.
Ne3 Bxb3 16. Qxb3 Na5 17. Qd3 Bxe3 18. fxe3 Nc4 19. Qb3 Rc6 20. Rd3 Qc7 21. Nc3
b5 22. Nd5 Qa7 23. Qb4 a5 24. Qxb5 Rc5 25. Qb3 f6 26. c3 Rb8 27. Qc2 Nxb2 28.
Rd2 Nc4 29. Rdf2 Rxd5 30. exd5 Nxe3 31. Qd3 Nxf1 32. Kxf1 Qb6 33. Ke2 Kg8 34.
g3 Qc5 35. Kf1 a4 36. Rd2 a3 37. Qa6 h6 38. Ke2 Kf7 39. c4 Kg6 40. Qc6 Qb4 41.
h4 Qb1 42. h5+ Kh7 43. Qa4 Qe4+ 44. Kf2 Rb2 45. Qa5 Qd3 46. Ke1 Rb1+ 0-1

[Event "I Miedzynarodowy Memorial Ireny Warakomskiej - Open A"]
[Site "Suwalki"]
[Date "2017-08-13"]
[Round "3.22"]
[White "Paprocki, Jaroslaw "]
[Black "Sagar, Shah"]
[Result "0-1"]
[WhiteTitle ""]
[BlackTitle ""]
[WhiteElo "2183"]
[BlackElo "2397"]

1. c4 e5 2. Nc3 Nf6 3. g3 h6 4. Bg2 Bb4 5. a3 Bxc3 6. dxc3 O-O 7. e4 d6 8. Ne2
Be6 9. b3 Qc8 10. h3 a6 11. a4 Nbd7 12. Be3 Nc5 13. Qc2 Bd7 14. g4 Ncxe4 15. O-O
Bc6 16. f3 Ng5 17. Ng3 Re8 18. h4 Ne6 19. g5 hxg5 20. hxg5 Nh7 21. Bh3 g6 22.
Ne4 Qd8 23. Bxe6 Rxe6 24. Qg2 Qe7 25. Ra2 Rf8 26. Qg4 Bxe4 27. fxe4 f6 28. Rh2
Rf7 29. Qh3 fxg5 30. Rxf7 Qxf7 31. Bxg5 Re8 32. Bh6 Qe6 33. Qh4 Re7 34. Rf2 g5
35. Qh5 Rf7 36. Rg2 Qf6 37. Bxg5 Nxg5 38. Rxg5+ Rg7 39. Qe8+ Kh7 40. Rxg7+ Qxg7+
41. Kf2 Kh6 42. Qc8 Qf7+ 43. Ke1 Qf3 44. Qxb7 Qxc3+ 45. Ke2 Qc2+ 46. Ke3 Kg5 47.
Qxa6 Qxb3+ 48. Kd2 Qb2+ 49. Kd1 Qd4+ 50. Kc1 Qxe4 51. a5 Qe3+ 52. Kc2 Qe2+ 53.
Kb3 Qd3+ 54. Kb2 e4 55. Qb5+ Kf4 56. Qd5 Qxd5 57. cxd5 e3 58. a6 e2 59. a7 e1=Q
60. a8=Q Qb4+ 61. Ka1 Qc3+ 62. Kb1 Ke4 63. Qg8 Qc5 64. Qe6+ Kd4 65. Qf7 Kc4 66.
Kc2 Kb4+ 67. Kd3 Qc3+ 68. Ke2 Qc2+ 69. Ke3 Qc5+ 70. Kd3 Kb3 71. Ke2 Kc4 72. Ke1
Qe3+ 73. Kf1 Qd3+ 74. Ke1 Qe3+ 75. Kf1 Qc1+ 76. Kf2 Kd4 77. Kg2 Qg5+ 78. Kf2 Qe3+
79. Kg2 Qd2+ 80. Kf3 Qc3+ 81. Kf2 Ke4 82. Kg2 Qd2+ 83. Kh3 Qh6+ 84. Kg4 Qc1 85.
Qf5+ Kd4 86. Qf7 Qg1+ 87. Kh3 Qh1+ 88. Kg3 Qe1+ 89. Kg2 Qd2+ 90. Kf3 Qc3+ 91.
Kf2 Qc5 92. Kg3 Kc4 93. Kh2 Kd3 94. Kg2 Kd4 95. Kf2 Qc4 96. Kg3 c6 97. Qf2+ Kxd5
98. Qf7+ Kd4 99. Qf4+ Kc5 100. Qf8 Qd3+ 101. Kf2 Qd4+ 102. Ke1 Kc4 103. Qa8 Qe3+
104. Kd1 Qb3+ 105. Ke1 Qe3+ 106. Kd1 c5 107. Qa4+ Kd5 108. Qa8+ Kd4 109. Qh8+
Qe5 110. Qb8 Qh5+ 111. Kc1 Qg5+ 112. Kc2 Qf5+ 113. Kb2 Qf2+ 114. Ka3 d5 115. Qa7
Qf3+ 116. Ka2 Qe2+ 117. Ka3 Qd3+ 118. Ka2 Qc4+ 119. Ka1 Qc3+ 120. Ka2 Qb4 121.
Qg7+ Kc4 122. Qg4+ d4 123. Qe6+ Kb5 124. Qe8+ Kc4 125. Qe6+ Kc3 126. Qh3+ d3 127.
Qh8+ Qd4 128. Qa8 Qf2+ 0-1

[Event "I Miedzynarodowy Memorial Ireny Warakomskiej - Open A"]
[Site "Suwalki"]
[Date "2017-08-13"]
[Round "3.23"]
[White "Krzywda, Andrzej "]
[Black "Zylka, Stanislaw "]
[Result "0-1"]
[WhiteTitle ""]
[BlackTitle ""]
[WhiteElo "2173"]
[BlackElo "2368"]

1. e4 e5 2. Nf3 Nc6 3. Bc4 Bc5 4. c3 Nf6 5. d3 d6 6. O-O a6 7. Nbd2 O-O 8. Bb3
h6 9. h3 Be6 10. Re1 Re8 11. Bc2 Ba7 12. Nf1 d5 13. exd5 Nxd5 14. N1h2 Qd6 15.
Ng4 Bf5 16. Nh4 Bh7 17. Qf3 Nf4 18. Qg3 g5 19. Ne3 Kh8 20. Nf3 Bxd3 21. Bxd3 Qxd3
22. Qg4 Re6 23. h4 h5 24. Qg3 gxh4 25. Qxh4 Rg8 26. Nxe5 Ne2+ 27. Rxe2 Qxe2 28.
Nxf7+ Kg7 29. Ng5 Re5 30. Nf3 Bxe3 31. Bxe3 Rf5 32. Re1 Qd3 33. Nd4 Rf6 34. Qg5+
Qg6 35. Nxc6 Qxg5 36. Bxg5 Rxc6 37. Be3 Re8 38. Rd1 Rd6 39. Rxd6 cxd6 40. Kh2
Kg6 41. Kg3 Re4 42. Kf3 Kf5 43. g3 d5 44. Bb6 Re1 45. a4 Rc1 46. Bc5 Rc2 47. Ba3
a5 48. Ke3 Ke5 49. Kf3 Kf5 50. Ke3 Kg4 51. Kd4 Rxf2 52. Bd6 Rxb2 53. Bc7 Ra2 54.
Kxd5 Rxa4 55. Kc5 Ra3 56. Be5 Rb3 57. c4 a4 58. Kd6 a3 59. c5 a2 60. Kc7 Rb1 61.
Kc8 a1=Q 62. Bxa1 Rxa1 63. Kxb7 Kxg3 64. c6 Rc1 65. c7 Rxc7+ 66. Kxc7 h4 0-1

[Event "I Miedzynarodowy Memorial Ireny Warakomskiej - Open A"]
[Site "Suwalki"]
[Date "2017-08-13"]
[Round "3.24"]
[White "Goluch, Piotr"]
[Black "Bukojemski, Adam "]
[Result "1/2-1/2"]
[WhiteTitle ""]
[BlackTitle ""]
[WhiteElo "2360"]
[BlackElo "2183"]

1. d4 Nf6 2. c4 g6 3. Nf3 Bg7 4. g3 c5 5. d5 O-O 6. Bg2 d6 7. O-O Na6 8. Nc3 Nc7
9. e4 Bg4 10. h3 Bxf3 11. Qxf3 a6 12. Qe2 b5 13. cxb5 axb5 14. Nxb5 Nxb5 15. Qxb5
Qc7 16. e5 Rfb8 17. Qe2 Nd7 18. e6 Nf8 19. exf7+ Kxf7 20. f4 Kg8 21. f5 Qd7 22.
fxg6 Nxg6 23. Qh5 Ra4 24. Bf3 Rh4 25. Bg4 Rxh5 26. Bxd7 Re5 27. a4 Re2 28. Kh1
c4 29. Bb5 Rc2 30. Ra3 Bd4 31. b4 Ne5 32. Bg5 Nd3 33. Bxe7 Nf2+ 34. Rxf2 Rxf2
35. Bxd6 Rxb5 36. axb5 Rf1+ 37. Kh2 Rf2+ 38. Kh1 Rf1+ 39. Kg2 1/2-1/2

[Event "I Miedzynarodowy Memorial Ireny Warakomskiej - Open A"]
[Site "Suwalki"]
[Date "2017-08-13"]
[Round "3.25"]
[White "Stoma, Pawel "]
[Black "Ocytko, Andrzej"]
[Result "1-0"]
[WhiteTitle ""]
[BlackTitle ""]
[WhiteElo "2348"]
[BlackElo "2127"]

1. e4 e5 2. Nf3 Nc6 3. Bb5 Nf6 4. d3 Bc5 5. Bg5 h6 6. Bh4 d6 7. Nc3 a6 8. Ba4 b5
9. Bb3 Bb4 10. a4 Nd4 11. axb5 g5 12. Bg3 Nxb5 13. Qd2 Bg4 14. Ng1 Nd4 15. Ba4+
Kf8 16. f3 Be6 17. Nge2 Nh5 18. O-O Kg7 19. Qd1 Bc5 20. Bf2 Rb8 21. Nxd4 Bxd4
22. Bxd4 exd4 23. Ne2 Qf6 24. Qc1 Nf4 25. Rf2 Rb6 26. Nxf4 Qxf4 27. Qxf4 gxf4
28. c3 c5 29. Bc2 Rc8 30. c4 Kf6 31. Bd1 Rcb8 32. b3 Rg8 33. Rfa2 Ra8 34. Kf2
Ke5 35. Bc2 Bc8 36. g3 Ra7 37. Rg1 Re7 38. gxf4+ Kxf4 39. Rg8 Rc6 40. Ra1 Re6
41. Rg4+ Ke5 42. f4+ Kf6 43. Rag1 Re8 44. Rg7 Rh8 45. Bd1 Bd7 46. Bh5 Be8 47.
Rg8 Rxg8 48. Rxg8 Rc8 49. Bg4 Rd8 50. Kg3 a5 51. Kf2 Ke7 52. Rh8 Rb8 53. Bd1 a4
54. bxa4 Rb2+ 55. Ke1 Ra2 56. f5 Bxa4 57. Ra8 Bb3 58. Rxa2 Bxa2 59. Bc2 Kf6 60.
Kf2 Kg5 61. Kg3 Kf6 62. Kh4 Ke5 63. Kg4 Bxc4 64. dxc4 d3 65. Bxd3 Kd4 66. Bf1
1-0

[Event "I Miedzynarodowy Memorial Ireny Warakomskiej - Open A"]
[Site "Suwalki"]
[Date "2017-08-13"]
[Round "3.26"]
[White "Wisniewski, Michal "]
[Black "Lewtak, Damian "]
[Result "0-1"]
[WhiteTitle ""]
[BlackTitle ""]
[WhiteElo "2180"]
[BlackElo "2344"]

1. c4 Nf6 2. g3 c6 3. Bg2 d5 4. b3 dxc4 5. Bb2 cxb3 6. Qxb3 g6 7. Nf3 Bg7 8. O-O
O-O 9. d4 Qb6 10. Qa3 Na6 11. Nbd2 Qb4 12. Qxb4 Nxb4 13. Ba3 Nc2 14. Bxe7 Re8
15. Bxf6 Bxf6 16. Rac1 Nxd4 17. Nxd4 Bxd4 18. e3 Bb6 19. Nc4 Bc7 20. Rb1 Rb8 21.
Rfd1 Be6 22. Rdc1 Red8 23. a4 Bd5 24. Bxd5 Rxd5 25. Na3 Kf8 26. Rb3 Bd6 27. Nc4
Rc5 28. Rd1 Be7 29. Nb2 Ke8 30. Nd3 Rd5 31. Rc1 Kd7 32. Nb4 Bxb4 33. Rxb4 Kc7
34. Rh4 h5 35. Rf4 Rf5 36. Re4 Rd8 37. Rc2 Rd7 38. h3 c5 39. g4 hxg4 40. hxg4
Rfd5 41. Kg2 b6 42. Kg3 a6 43. Re8 b5 44. e4 Rd3+ 45. Kf4 c4 46. Ke5 Rd8 47. Re7+
R3d7 48. Kf6 Rxe7 49. Kxe7 Rd7+ 50. Kf6 Kc6 51. f4 Kc5 52. axb5 axb5 53. e5 b4
54. f5 gxf5 55. gxf5 b3 56. e6 fxe6 57. fxe6 Rb7 58. Rc1 b2 59. Rb1 c3 60. e7
Rxe7 0-1

[Event "I Miedzynarodowy Memorial Ireny Warakomskiej - Open A"]
[Site "Suwalki"]
[Date "2017-08-13"]
[Round "3.27"]
[White "Plichta, Kamil "]
[Black "Mokal, Amruta Sunil"]
[Result "1-0"]
[WhiteTitle ""]
[BlackTitle ""]
[WhiteElo "2341"]
[BlackElo "2047"]

1. e4 c5 2. Nf3 e6 3. d3 Nc6 4. g3 d5 5. Nbd2 Bd6 6. Bg2 Nge7 7. O-O O-O 8. Re1
Qc7 9. Qe2 f6 10. c3 Bd7 11. a3 a5 12. a4 Rae8 13. Nb1 Ng6 14. Na3 Na7 15. Qc2
Bc6 16. Bd2 Kh8 17. c4 dxe4 18. dxe4 b6 19. Bc3 Ne5 20. Nd2 Bb7 21. Nb5 Nxb5 22.
axb5 f5 23. f4 Ng4 24. h3 Nh6 25. e5 Be7 26. Rad1 Bxg2 27. Kxg2 Rd8 28. Nf3 Rxd1
29. Rxd1 Rd8 30. Kf2 Nf7 31. Rg1 g6 32. g4 Nh6 33. g5 Nf7 34. h4 Qd7 35. Ke2 Qb7
36. h5 Kg7 37. Bd2 Qe4+ 38. Qxe4 fxe4 39. Nh4 Rd4 40. hxg6 hxg6 41. Bc3 Rxc4 42.
Rd1 e3 43. Ng2 Ra4 44. Rd7 Bd8 45. Kf3 Ra1 46. Nxe3 a4 47. f5 gxf5 48. Nxf5+ Kg6
49. Nd6 Nxg5+ 50. Ke2 a3 51. Rxd8 axb2 52. Bxb2 Ra2 53. Rg8+ Kh5 54. Nc4 Nf7 55.
Kd3 Ra4 56. Bc1 Rb4 57. Rg7 Rb3+ 58. Ke2 Rc3 59. Nxb6 Nxe5 60. Rg5+ Kh4 61. Rxe5
Rxc1 62. Nd7 c4 63. Kd2 Rb1 64. b6 Rb3 65. Kc2 Kg4 66. Rxe6 Kf5 67. Rc6 Rb4 68.
Kc3 Rb1 69. Kxc4 1-0

[Event "I Miedzynarodowy Memorial Ireny Warakomskiej - Open A"]
[Site "Suwalki"]
[Date "2017-08-13"]
[Round "3.28"]
[White "Mucha, Piotr "]
[Black "Bartel, Marta"]
[Result "0-1"]
[WhiteTitle ""]
[BlackTitle ""]
[WhiteElo "2155"]
[BlackElo "2313"]

1. e4 c5 2. Nc3 Nc6 3. f4 g6 4. Bb5 Bg7 5. Bxc6 bxc6 6. Nf3 Nf6 7. d3 O-O 8. O-O
d5 9. Qe1 Ba6 10. e5 Ne8 11. b3 Nc7 12. Qh4 c4 13. bxc4 dxc4 14. d4 f5 15. Rd1
h6 16. Ba3 Kf7 17. Kh1 Bc8 18. e6+ Bxe6 19. Re1 Bf6 20. Qxh6 Rh8 21. Ng5+ Bxg5
22. Qxg5 Rh5 23. Qg3 Qxd4 24. Rad1 Qf6 25. h3 Re8 26. Bb2 Qh4 27. Qe3 g5 28. fxg5
Qxg5 29. Qe2 Qg4 30. Qf2 Rxh3+ 31. gxh3 Qxh3+ 32. Qh2 Qf3+ 33. Qg2 Rh8+ 34. Kg1
Rg8 35. Qxg8+ Kxg8 36. Rd2 Kf7 37. Rg2 Qh5 38. Ne2 Nd5 39. Nd4 Bd7 40. Rg3 c3
41. Bc1 Qh4 42. Ne2 e5 43. Kg2 Qe4+ 44. Kf2 Nf6 0-1

[Event "I Miedzynarodowy Memorial Ireny Warakomskiej - Open A"]
[Site "Suwalki"]
[Date "2017-08-13"]
[Round "3.29"]
[White "Smolka, Marcin "]
[Black "Bednarek, Sylwester"]
[Result "0-1"]
[WhiteTitle ""]
[BlackTitle ""]
[WhiteElo "2133"]
[BlackElo "2308"]

1. e4 e6 2. Nf3 d5 3. e5 Ne7 4. d4 b6 5. Bd3 Ba6 6. O-O Qc8 7. c3 Bxd3 8. Qxd3
Qa6 9. Qxa6 Nxa6 10. g4 h5 11. h3 hxg4 12. hxg4 f5 13. gxf5 Nxf5 14. Bg5 c5 15.
a3 Rc8 16. Nbd2 Be7 17. Bxe7 Kxe7 18. Rfd1 g5 19. Nf1 g4 20. N3h2 Rh3 21. Ng3
Nxg3 22. fxg3 cxd4 23. Rxd4 Rxg3+ 24. Kf2 Rh3 25. Nxg4 Nc5 26. Kg2 Rch8 27. Rf4
Ne4 28. Rg1 R8h4 29. a4 Rd3 0-1

[Event "I Miedzynarodowy Memorial Ireny Warakomskiej - Open A"]
[Site "Suwalki"]
[Date "2017-08-13"]
[Round "3.30"]
[White "Mulet, Piotr "]
[Black "Chinguun, Sumiya "]
[Result "1-0"]
[WhiteTitle ""]
[BlackTitle ""]
[WhiteElo "2295"]
[BlackElo "2120"]

1. c4 Nf6 2. Nc3 g6 3. g3 Bg7 4. Bg2 O-O 5. Nf3 d6 6. O-O e5 7. d3 Nbd7 8. Rb1
a5 9. a3 Nc5 10. b4 axb4 11. axb4 Ne6 12. Bd2 Ne8 13. Ne1 f5 14. Nc2 f4 15. Ra1
Rxa1 16. Qxa1 h5 17. Qa8 h4 18. Bxb7 Bxb7 19. Qxb7 Ng5 20. Ne4 Bh6 21. Ne1 fxg3
22. fxg3 Rxf1+ 23. Kxf1 hxg3 24. Nxg3 Nf6 25. h4 Nf7 26. Bxh6 Nxh6 27. Nf3 Qd7
28. Ng5 Nhg4 29. b5 Ne3+ 30. Kg1 Nf5 31. Qb8+ Kg7 32. N3e4 Nxe4 33. dxe4 Nd4 34.
Kf2 d5 35. cxd5 Qe7 36. Kg2 Qd7 37. Kh2 Qe7 38. e3 Qf6 39. Qxc7+ Kg8 40. Qh7+
Kf8 41. Qf7+ Qxf7 42. Nxf7 Nxb5 43. Nxe5 Kg7 44. Nc4 Nc3 45. d6 Kf6 46. e5+ Ke6
47. Kg3 Ne4+ 48. Kf4 Nc5 49. Kg5 Kd5 50. Kxg6 Kxc4 51. h5 Kd5 52. Kf5 Nd7 53.
e6 Kxd6 54. exd7 Kxd7 55. h6 Ke7 56. h7 Kf7 57. h8=Q Ke7 58. Qf6+ Kd7 59. Ke5
Kc7 60. Kd5 1-0

[Event "I Miedzynarodowy Memorial Ireny Warakomskiej - Open A"]
[Site "Suwalki"]
[Date "2017-08-13"]
[Round "3.31"]
[White "Zielinski, Wojciech"]
[Black "Dzierzak, Radoslaw "]
[Result "1-0"]
[WhiteTitle ""]
[BlackTitle ""]
[WhiteElo "2105"]
[BlackElo "2276"]

1. Nf3 Nf6 2. b3 d5 3. Bb2 e6 4. e3 Be7 5. c4 O-O 6. Be2 c5 7. O-O Nc6 8. d4 cxd4
9. Nxd4 Nxd4 10. Bxd4 dxc4 11. Bxc4 a6 12. a4 b6 13. Qf3 Rb8 14. Qe2 Qc7 15. Bxa6
Bxa6 16. Qxa6 Ng4 17. g3 Qc2 18. h3 e5 19. Bc3 Nxe3 20. fxe3 Bc5 21. Re1 Qxb3
22. Qe2 Qe6 23. Kh2 Kh8 24. Nd2 f5 25. Qc4 Qd6 26. Nf3 f4 27. exf4 exf4 28. g4
Rbc8 29. Be5 Qd7 30. Qe4 Qe7 31. Bd4 Qd6 32. Bxc5 Qxc5 33. Ra2 Qc3 34. Rae2 h6
35. Kg2 Rce8 36. Qxe8 Rxe8 37. Rxe8+ Kh7 38. R8e4 Qc2+ 39. R1e2 Qd3 40. Kf2 b5
41. axb5 Qxb5 42. Rxf4 Qc5+ 43. Kg2 Qd5 44. Rd4 Qb5 45. Re7 Qb2+ 46. Rd2 Qb4 47.
Rdd7 Qb2+ 48. Kg3 Qb8+ 49. Ne5 h5 50. Rxg7+ Kh8 51. Rh7+ Kg8 52. Rdg7+ Kf8 53.
Rh8+ 1-0

[Event "I Miedzynarodowy Memorial Ireny Warakomskiej - Open A"]
[Site "Suwalki"]
[Date "2017-08-13"]
[Round "3.32"]
[White "Bugalski, Michal "]
[Black "Jakubiec, Edyta"]
[Result "1-0"]
[WhiteTitle ""]
[BlackTitle ""]
[WhiteElo "2250"]
[BlackElo "2212"]

1. e4 c5 2. c3 Nf6 3. e5 Nd5 4. d4 cxd4 5. Nf3 Nc6 6. cxd4 d6 7. Bc4 dxe5 8. Nxe5
e6 9. O-O Bd6 10. Nxc6 bxc6 11. Nd2 Qb6 12. Ne4 Be7 13. b3 O-O 14. Bb2 a5 15.
a3 Rd8 16. Qe2 Ba6 17. Rab1 Nf6 18. Nc3 Nd5 19. Ne4 Nc7 20. Nc5 Bxc5 21. dxc5
Qxc5 22. Qg4 Ne8 23. Rfc1 Bxc4 24. Rxc4 Qb5 25. Bc3 Rab8 26. a4 Qd5 27. h4 Qd3
28. Rc1 Rxb3 29. Bxa5 Nf6 30. Qf4 Nd5 31. Qe5 Re8 32. Rxc6 f6 33. Qd6 Qe4 34.
R6c4 Qe2 35. Qd7 Rbb8 36. Bc7 Rbc8 37. Bg3 Nb6 38. Rxc8 Nxd7 39. Rxe8+ Kf7 40.
Rec8 Kg6 41. a5 e5 42. Rd8 1-0